| 000 | 00610nam a2200193Ia 4500 | ||
|---|---|---|---|
| 005 | 20260114185649.0 | ||
| 008 | 008 260114s9999 xx 000 0 eng d | ||
| 020 | _a9780755621330 | ||
| 037 | _aEBOOK | ||
| 040 |
_aCRL _beng _cCRL |
||
| 041 |
_aeng _2eng |
||
| 084 | _qCRL | ||
| 100 |
_aMichele Haapam„ki _9872860 |
||
| 245 | 4 | _aThe Coming of the Aerial War Culture and the Fear of Airborne Attack in Inter-War Britain | |
| 260 |
_bBloomsbury _c2014 |
||
| 856 | _uhttps://doi.org/10.5040/9780755621330?locatt=label:secondary_bloomsburyCollections | ||
| 942 | _cEBOOK | ||
| 999 |
_c1471808 _d1471808 |
||